Tìm hiểu lịch sử kiến trúc Việt Nam

Sparad:
Bibliografiska uppgifter
Huvudupphovsman: Ngô, Huy Quỳnh
Materialtyp: Bok
Språk:Undetermined
Publicerad: H. Xây dựng 2008
Ämnen:
Länkar:http://lrc.tdmu.edu.vn/opac/search/detail.asp?aID=2&ID=3664
Taggar: Lägg till en tagg
Inga taggar, Lägg till första taggen!
Thư viện lưu trữ: Trung tâm Học liệu Trường Đại học Thủ Dầu Một
LEADER 00612nam a2200193Ia 4500
001 TDMU_3664
008 210410s9999 xx 000 0 und d
082 |a 720.9597 
090 |b N4993 
100 |a Ngô, Huy Quỳnh 
245 0 |a Tìm hiểu lịch sử kiến trúc Việt Nam 
245 0 |c Ngô Huy Quỳnh 
260 |a H. 
260 |b Xây dựng 
260 |c 2008 
300 |a 279tr. 
650 |a Kiến trúc Việt Nam  |x Lịch sử 
856 |u http://lrc.tdmu.edu.vn/opac/search/detail.asp?aID=2&ID=3664 
980 |a Trung tâm Học liệu Trường Đại học Thủ Dầu Một